Music Quiz

Random Music or Lyrics Quiz

Don't Stop Believin' Quiz Stats

 Plays Quiz Updated Jan 25, 2017

Support Sporcle.
Go Orange.
Score 0/20 Timer 03:00
9 Plays Today
Lyric Missing Lyric % Correct
Livin' in a...lonely world
97.1%
Just a...small town girl
97%
Born and raised in...south Detroit
94.5%
She took the...midnight train goin' anywhere
93%
He took the...midnight train goin' anywhere
93%
Just a...city boy
91.7%
It goes...on and on and on and on
85.3%
Oh the movie never ends, it goes...on and on and on and on
85.3%
A smell of...wine and cheap perfume
76%
Some will win...some will lose
67.6%
Lyric Missing Lyric % Correct
Some were born to...sing the blues
62.7%
Strangers waiting...up and down the boulevard
56.3%
Everybody...wants a thrill
51.1%
Their shadows...searching in the night
48.6%
A...singer in a smokey room
47.7%
Hiding...somewhere in the niiiiiight
45.6%
For a smile...they can share the night
43.3%
Workin' hard...to get my fill
42%
Payin' anything to...roll the dice just one more time
40.5%
Streetlight people...livin' just to find emotion
32.8%

From the Vault

Obscure Knowledge - NHL Teams

by PenguinsMeercats

Sports 2m
We're not implying that hockey is an obscure sport.
Remove Ads.
Support Sporcle.
Get the best of Sporcle when you Go Orange. This ad-free experience offers more features, more stats, and more fun while also helping to support Sporcle. Thank you for becoming a member.

Show Comments

Extras

Top Quizzes Today


Score Distribution

Your Account Isn't Verified!

In order to create a playlist on Sporcle, you need to verify the email address you used during registration. Go to your Sporcle Settings to finish the process.

Report this User

Report this user for behavior that violates our Community Guidelines.

Details: